000 00704nam a22001935i 4500
001 160593
003 ES-MaACL
005 20230906212101.0
008 040929s1900 it |||| | ita d
040 _aCAM
_bspa
_cCAM
100 1 _aNaville, Edouard.
_9130429
245 1 3 _aLa quistione del Transvaal /
_cEdouard Naville ; traduzione di R.A. Gallenga Stuart.
250 _a3ยช ed.
260 _aFirenze :
_bR. Paggi,
_c1900 (
_ftipi di L. Franceschini e C.)
300 _a39 p. ;
_c19 cm.
651 4 _aTransvaal-
_xHistoria-
_y1880-1910.
_9147776
700 1 _aGallenga Stuart, R.A.
_9127192
852 _aES-MaACL
_jT-979-F-2
_z-- Enc. hol., conservando la cub. original
_z-- Enc. en un vol. facticio
999 _c160593
_d160593